Xác định một số tính chất vật lý và các thông số cảm quan trong nước bề mặt và nước ngầm trên địa bàn thành phố Đà Nẵng
Tổng quan tài liệu: Khái quát về nước. Ô nhiễm môi trường nước... Thực nghiệm. Kết quả phân tích và thảo luận.
Na minha lista:
| Autor principal: | |
|---|---|
| Outros Autores: | |
| Formato: | Livro |
| Idioma: | Vietnamese |
| Publicado em: |
Đà Nẵng
Đại học Sư phạm
2010
|
| Assuntos: | |
| Tags: |
Adicionar Tag
Sem tags, seja o primeiro a adicionar uma tag!
|
| Thư viện lưu trữ: | Mạng thư viện Đại học Đà Nẵng |
|---|
| LEADER | 01482nam a2200349 4500 | ||
|---|---|---|---|
| 001 | 000012397 | ||
| 003 | 8693 | ||
| 005 | 20120220100251.0 | ||
| 008 | 120220s2010 viesd | ||
| 041 | |a vie | ||
| 072 | |a Khóa luận tốt nghiệp | ||
| 082 | |a 628.114 |b VO-T | ||
| 100 | |a Võ, Thị Thanh Thảo |e Tác giả | ||
| 245 | |a Xác định một số tính chất vật lý và các thông số cảm quan trong nước bề mặt và nước ngầm trên địa bàn thành phố Đà Nẵng |c Võ Thị Thanh Thảo | ||
| 260 | |a Đà Nẵng |b Đại học Sư phạm |c 2010 | ||
| 300 | |a 60 tr. |c 29 cm | ||
| 500 | |a Khóa luận tốt nghiệp khoa Hóa. Lớp 06 CHH | ||
| 520 | |a Tổng quan tài liệu: Khái quát về nước. Ô nhiễm môi trường nước... Thực nghiệm. Kết quả phân tích và thảo luận. | ||
| 653 | |a Tính chất vật lý | ||
| 653 | |a Nước ngầm | ||
| 653 | |a Thông số cảm quan | ||
| 700 | |a Lê Thị Mùi |c Th.S |e Hướng dẫn | ||
| OWN | |a LSP | ||
| AVA | |a UDN50 |b LSP |d 628.114 VO-T |e available |t Error 5001 Not defined in file expand_doc_bib_avail. |f 1 |g 0 |h N |i 0 |k 1 | ||
| 999 | |a From the UDN01 | ||
| AVA | |a UDN50 |b LSP |d 628.114 VO-T |e available |t Error 5001 Not defined in file expand_doc_bib_avail. |f 1 |g 0 |h N |i 0 |k 1 | ||
| TYP | |a Monograph | ||
| TYP | |a Printed language | ||
| 980 | |a Mạng thư viện Đại học Đà Nẵng | ||